000 00370pab a2200145 454500
008 180718b2000 xxu||||| |||| 00| 0 eng d
100 _aJohn, Rosen
245 _aComments on the empirical investigation of women managers: their fears
260 _c2000
300 _ap.91-92
362 _aOct-Dec
650 _aWomen executives
773 _aVikalpa
909 _a47224
999 _c47224
_d47224